Country focus (Record no. 79986)
[ view plain ]
| 000 -LEADER | |
|---|---|
| fixed length control field | 01022cab a22001935a 4500 |
| 001 - CONTROL NUMBER | |
| control field | L142949 |
| 008 - FIXED-LENGTH DATA ELEMENTS--GENERAL INFORMATION | |
| fixed length control field | 080325e20080314xxkd f s 000 0 eng d |
| 035 ## - SYSTEM CONTROL NUMBER | |
| System control number | (Sirsi) u142949 |
| 041 0# - LANGUAGE CODE | |
| Language code of text/sound track or separate title | eng |
| 100 1# - MAIN ENTRY--PERSONAL NAME | |
| Personal name | Talotta, Roberto |
| 245 00 - TITLE STATEMENT | |
| Title | Country focus |
| Remainder of title | Italy |
| 260 ## - PUBLICATION, DISTRIBUTION, ETC. | |
| Date of publication, distribution, etc. | 2008 |
| 490 #0 - SERIES STATEMENT | |
| Series statement | Building |
| Volume/sequential designation | 273(8519) 14 March 2008, 72-74(3) |
| 520 ## - SUMMARY, ETC. | |
| Summary, etc. | Focus on Italy's economy and construction market. Italy's construction market has played a key role in the economy since 1999, with overall growth of around 27% between 1999 and 2007. Although a slowing down is expected, the total value of investments in construction is predicted to rise by 2.3% over 2008. Briefly looks at the Italian economy, construction industry, property market, and the effect of finance legislation on construction activity. Includes key statistics for the Italian construction industry and costs for various buildings. |
| 590 ## - LOCAL NOTE (RLIN) | |
| Local note | KA |
| 651 #4 - SUBJECT ADDED ENTRY--GEOGRAPHIC NAME | |
| Geographic name | Italia = Italy |
| Chronological subdivision | 1992- |
| 690 ## - LOCAL SUBJECT ADDED ENTRY--TOPICAL TERM (OCLC, RLIN) | |
| Topical term or geographic name as entry element | BUILT ENVIRONMENT-CONSTRUCTION MARKET |
| 942 ## - ADDED ENTRY ELEMENTS (KOHA) | |
| Suppress in OPAC | 0 |
| Withdrawn status | Lost status | Source of classification or shelving scheme | Damaged status | Not for loan | Home library | Current library | Shelving location | Date acquired | Total Checkouts | Full call number | Barcode | Date last seen | Copy number | Price effective from | Koha item type |
|---|---|---|---|---|---|---|---|---|---|---|---|---|---|---|---|
| Dewey Decimal Classification | London | London | Journal article | 25/03/2008 | L142949 | 142949-1001 | 06/08/2019 | 1 | 06/08/2019 | Journal article |